Etapy českého vystěhovalectví /

Hlavní autor: Brouček, Stanislav, 1947-
Jazyk: Čeština
Vydáno: Praha : Etnologický ústav Akademie věd České republiky, 2003
Témata:
Externí odkaz: Digitalizovaný dokument
Fyzický popis: [6] s. : mapy ; 30 cm
Knihy
Uloženo v:
LEADER 01464nam a2200397 a 4500
001 000705645
003 CZ BrMZK
005 20040326072648.0
007 ta
008 040209s2003 xr b e 000 0 cze d
015 |a cnb001283989 
020 |a 80-85010-54-2  |q (složeno) 
035 |a (OCoLC)56858150 
040 |a BOA001  |b cze 
043 |a e-xr--- 
072 7 |a 325  |x Mezinárodní migrace, exil, kolonizace  |2 Konspekt  |9 15 
080 |a 314.15-026.49  |2 MRF 
080 |a 314.15-026.44  |2 MRF 
080 |a (437.3)  |2 MRF 
080 |a (084.3)  |2 MRF 
080 |a (041)  |2 MRF 
100 1 |a Brouček, Stanislav,  |d 1947-  |7 jn99240000098  |4 aut 
245 1 0 |a Etapy českého vystěhovalectví /  |c Stanislav Brouček 
260 |a Praha :  |b Etnologický ústav Akademie věd České republiky,  |c 2003 
300 |a [6] s. :  |b mapy ;  |c 30 cm 
500 |a Vyšlo v rámci vědeckého projektu "Exil sám o sobě" 
504 |a Obsahuje bibliografii 
650 0 7 |a emigranti  |7 ph296988  |z Česko  |2 czenas 
650 0 7 |a exil  |7 ph120088  |z Česko  |2 czenas 
650 0 7 |a emigrace a imigrace  |7 ph137594  |z Česko  |2 czenas 
655 7 |a mapy  |7 fd132800  |2 czenas 
655 7 |a brožury  |7 fd131925  |2 czenas 
856 4 1 |u http://www.digitalniknihovna.cz/mzk/uuid/uuid:5a0746b0-e725-11e4-b834-005056827e51  |y Digitalizovaný dokument  |x NDK 
910 |a BOA001  |b 4-1129.892 
990 |a BK 
996 6 |b 2610212405  |c 4-1129.892  |l MZK  |r Sklad / do 1 hodiny  |n 25  |p p.v.  |w 000705645  |u 000010  |a 1  |e BOA001  |j MZK50  |s P